| 000 | 00804nam a2200205Ia 4500 | ||
|---|---|---|---|
| 999 |
_c37822 _d37822 |
||
| 001 | 3799 | ||
| 003 | GE_BSU | ||
| 005 | 20230328164638.0 | ||
| 008 | 181216s1975||||ge |||||||||||||| ||geo|| | ||
| 040 | _cGE_BSU | ||
| 041 | _ageo | ||
| 080 | _a070(479.223) დ–15 | ||
| 100 |
_aდავითაძე, ემენ _93500 |
||
| 245 |
_aგაზეთი "ფუხარა" და მისი წინამორბედნი : _b _cემენ დავითაძე; რედ.: ი. ნატროშვილი. |
||
| 264 |
_aბათუმი : _bაჭარა, _c1975. |
||
| 300 |
_a122 გვ. ; _b20 სმ. |
||
| 653 | _aგაზეთები აჭარაში | ||
| 700 |
_aნატროშვილი, ი. _eრედაქტორი _93501 |
||
| 942 |
_cBK _2udc |
||